[Event "Bayerische EM 2014 Allg. Gruppe"]
[Site "Westerndorf St. Peter/Rosenheim"]
[Date "2014.08.26"]
[Round "5.8"]
[White "Heimrath, Reiner"]
[Black "Taggatz, Mario"]
[Result "1-0"]
[WhiteElo "2192"]
[BlackElo "2231"]
[PlyCount "125"]
[EventDate "2014.??.??"]
[WhiteTeam "SC Noris-Tarrasch Nürnberg 1873"]
[BlackTeam "SC Gröbenzell"]

1. e4 e6 2. d4 c5 3. Nf3 cxd4 4. Nxd4 a6 5. Bd3 Nf6 6. O-O Qc7 7. c4 Nc6 8.
Nxc6 dxc6 9. Be3 e5 10. f3 Be6 11. Qc2 Nd7 12. c5 Be7 13. Rc1 O-O 14. Nd2 Rfd8
15. Nb3 Nf8 16. Bf1 h6 17. Qc3 Bg5 18. Bxg5 hxg5 19. Na5 Rd4 20. a3 Rad8 21. b4
Qe7 22. Qe3 g4 23. fxg4 Qd7 24. h3 Ng6 25. Rc2 Nf4 26. Re1 Rd1 27. Rxd1 Qxd1
28. Rc1 Qd7 29. g3 Ng6 30. Be2 Qc7 31. Rd1 Rd4 32. Kf2 Qd7 33. Ke1 Kf8 34. Qc3
Ke7 35. Rd3 Kd8 36. Kf2 Kc7 37. Ke3 Rxd3+ 38. Qxd3 Qxd3+ 39. Bxd3 b6 40. cxb6+
Kxb6 41. Bc4 Bxc4 42. Nxc4+ Kb5 43. Kd3 f6 44. Kc3 Nf8 45. Kb3 c5 46. a4+ Kc6
47. g5 Ne6 48. gxf6 Nd4+ 49. Ka3 gxf6 50. Ne3 Ne2 51. Ng4 Nxg3 52. Nxf6 Kd6 53.
b5 axb5 54. axb5 Ne2 55. Ka4 c4 56. b6 Kc6 57. h4 c3 58. Kb3 Kxb6 59. h5 Kc5
60. h6 Kd4 61. Nd5 Nf4 62. Nxf4 exf4 63. h7 1-0

[Event "Bayerische EM 2014 Allg. Gruppe"]
[Site "Westerndorf St. Peter/Rosenheim"]
[Date "2014.08.26"]
[Round "5.9"]
[White "Grawe, Christian"]
[Black "Shashkin, Igor"]
[Result "0-1"]
[WhiteElo "2214"]
[BlackElo "2115"]
[PlyCount "66"]
[EventDate "2014.??.??"]
[WhiteTeam "Schachklub Germering e. V."]
[BlackTeam "PTSV SK Hof 1892"]

1. e4 c5 2. c3 Nf6 3. e5 Nd5 4. Nf3 Nc6 5. Bc4 e6 6. d4 cxd4 7. cxd4 d6 8. O-O
Be7 9. Qe2 O-O 10. Nc3 dxe5 11. dxe5 Nxc3 12. bxc3 Qc7 13. Bd3 Bd7 14. Qe4 g6
15. Bh6 Rfd8 16. Rad1 Be8 17. Qf4 Rd5 18. Bb1 Rad8 19. Rxd5 Rxd5 20. Re1 Nxe5
21. Nxe5 Bd6 22. Ng4 Bxf4 23. Nf6+ Kh8 24. Nxd5 Bxh2+ 25. Kh1 Qc4 26. Bg5 Qxd5
27. Bf6+ Kg8 28. Kxh2 Bc6 29. Be4 Qd6+ 30. Kg1 Qf4 31. Bxc6 Qxf6 32. Bxb7 Qxc3
33. Re2 Qc1+ 0-1

[Event "Bayerische EM 2014 Allg. Gruppe"]
[Site "Westerndorf St. Peter/Rosenheim"]
[Date "2014.08.26"]
[Round "5.10"]
[White "Blodig, Constantin"]
[Black "Michalek, Michal"]
[Result "1/2-1/2"]
[WhiteElo "1939"]
[BlackElo "2153"]
[PlyCount "141"]
[EventDate "2014.??.??"]
[WhiteTeam "SK Kelheim 1920"]
[BlackTeam "SV Seubelsdorf"]

1. e4 c6 2. d4 d5 3. Nd2 dxe4 4. Nxe4 Bf5 5. Ng3 Bg6 6. Nf3 Nd7 7. h4 h6 8. h5
Bh7 9. Bd3 Bxd3 10. Qxd3 e6 11. Bf4 Qa5+ 12. Bd2 Bb4 13. c3 Be7 14. c4 Qc7 15.
O-O-O Ngf6 16. Kb1 O-O 17. Ne4 Nxe4 18. Qxe4 Nf6 19. Qe2 b5 20. c5 Nd5 21. g4
Rac8 22. Rdg1 Nf4 23. Qe4 Bg5 24. Nxg5 hxg5 25. Bxf4 Qxf4 26. Qxf4 gxf4 27. Re1
Rfd8 28. Re4 Rd5 29. Rh3 Rcd8 30. Ra3 Rxd4 31. Rxd4 Rxd4 32. Ra6 Rc4 33. Rxc6
e5 34. b3 Rc3 35. Kb2 b4 36. Rc8+ Kh7 37. c6 e4 38. a3 a5 39. axb4 axb4 40. Re8
e3 41. fxe3 f3 42. Re4 Rxc6 43. g5 Rc5 44. Rf4 Rxg5 45. Rxf3 Rg2+ 46. Kc1 f6
47. Rf4 Kh6 48. Rxb4 Kxh5 49. Kd1 g5 50. Ke1 Rb2 51. e4 Kg6 52. Rb6 Kf7 53. Kf1
Ke7 54. e5 fxe5 55. Rg6 Rxb3 56. Rxg5 Kf6 57. Rg4 Kf5 58. Ra4 Rb2 59. Ke1 Rg2
60. Kf1 Rd2 61. Ke1 Rh2 62. Kf1 Rb2 63. Ke1 e4 64. Ra5+ Kf4 65. Ra3 Rh2 66. Rc3
e3 67. Rc8 Rd2 68. Rf8+ Ke4 69. Re8+ Kd3 70. Rd8+ Kc2 71. Rc8+ 1/2-1/2

[Event "Bayerische EM 2014 Allg. Gruppe"]
[Site "Westerndorf St. Peter/Rosenheim"]
[Date "2014.08.26"]
[Round "5.11"]
[White "Schlichtmann, Robin"]
[Black "Braun, Thomas"]
[Result "1-0"]
[WhiteElo "2079"]
[BlackElo "2151"]
[PlyCount "73"]
[EventDate "2014.??.??"]
[WhiteTeam "SK Bruckmühl e.V."]
[BlackTeam "FC Bayern München e.V."]

1. e4 e6 2. d4 d5 3. Nc3 Bb4 4. e5 c5 5. a3 Bxc3+ 6. bxc3 Qc7 7. Qg4 f5 8. Qg3
Ne7 9. Qxg7 Rg8 10. Qxh7 cxd4 11. Ne2 Nbc6 12. h4 Bd7 13. Bg5 dxc3 14. Bf6 Rf8
15. Nf4 Rxf6 16. exf6 Qe5+ 17. Be2 Qxf6 18. Nh5 Qf7 19. Qh8+ Ng8 20. Qxc3 e5
21. Rb1 O-O-O 22. f4 d4 23. Qb3 Be6 24. Qg3 e4 25. Qg7 Nge7 26. g4 Nd5 27. gxf5
Nc3 28. fxe6 Qxg7 29. Nxg7 Nxb1 30. f5 Nxa3 31. f6 Nxc2+ 32. Kd2 d3 33. e7 e3+
34. Kc3 dxe2 35. exd8=Q+ Kxd8 36. Kxc2 Nd4+ 37. Kd3 1-0

[Event "Bayerische EM 2014 Allg. Gruppe"]
[Site "Westerndorf St. Peter/Rosenheim"]
[Date "2014.08.26"]
[Round "5.12"]
[White "Stadler, Alexander"]
[Black "Woitylak, Steffen"]
[Result "1-0"]
[WhiteElo "2109"]
[BlackElo "1921"]
[PlyCount "109"]
[EventDate "2014.??.??"]
[WhiteTeam "SV Röhrnbach e.V."]
[BlackTeam "TV 1862 Geiselhöring"]

1. d4 Nf6 2. Nf3 g6 3. c4 Bg7 4. Nc3 O-O 5. e4 d6 6. h3 c6 7. Bg5 Qc7 8. Rc1
Nbd7 9. Be2 h6 10. Be3 e5 11. d5 Kh7 12. g4 cxd5 13. cxd5 Qa5 14. Nd2 Nc5 15.
Nc4 Qd8 16. Nxd6 Qxd6 17. Nb5 Nd3+ 18. Bxd3 Qb4+ 19. Bd2 Qe7 20. Nc7 Rb8 21. a3
Qd8 22. Bb4 Rh8 23. Qb3 Ne8 24. Nxe8 Rxe8 25. Bb5 Rh8 26. Qc2 a6 27. Bd3 Qh4
28. Qe2 Bd7 29. Qf3 h5 30. gxh5 Rbc8 31. Rb1 a5 32. Bd2 gxh5 33. Qg3 Qe7 34.
Rg1 f6 35. Qg6+ Kg8 36. Bh6 Rh7 37. Bxg7 Rxg7 38. Qxg7+ Qxg7 39. Rxg7+ Kxg7 40.
h4 f5 41. f3 Kf6 42. Kf2 b6 43. Rg1 fxe4 44. fxe4 Bg4 45. Ke3 Ke7 46. Rf1 Rg8
47. Bc4 Rg7 48. Rg1 Rh7 49. Be2 Bxe2 50. Kxe2 Rf7 51. Rg5 Rf4 52. Rxe5+ Kd6 53.
Re6+ Kc7 54. Ke3 Rxh4 55. e5 1-0

[Event "Bayerische EM 2014 Allg. Gruppe"]
[Site "Westerndorf St. Peter/Rosenheim"]
[Date "2014.08.26"]
[Round "5.13"]
[White "Probst, Albert"]
[Black "Graf, Christian"]
[Result "1/2-1/2"]
[WhiteElo "2102"]
[BlackElo "2158"]
[PlyCount "29"]
[EventDate "2014.??.??"]
[WhiteTeam "SK Bruckmühl e.V."]
[BlackTeam "SU Ebersberg-Grafing"]

1. f4 Nf6 2. Nf3 g6 3. b3 Bg7 4. Bb2 O-O 5. e3 d6 6. Be2 e5 7. fxe5 Ng4 8. O-O
Nc6 9. Nc3 Ngxe5 10. Nxe5 Nxe5 11. d4 Nc6 12. Nd5 Bf5 13. Bd3 Ne7 14. Nf4 d5
15. Qf3 1/2-1/2

[Event "Bayerische EM 2014 Allg. Gruppe"]
[Site "Westerndorf St. Peter/Rosenheim"]
[Date "2014.08.26"]
[Round "5.14"]
[White "Kunz, Konstantin"]
[Black "Lochte, Thomas"]
[Result "1-0"]
[WhiteElo "2235"]
[BlackElo "2108"]
[PlyCount "83"]
[EventDate "2014.??.??"]
[WhiteTeam "SC Kitzingen von 1905"]
[BlackTeam "SK Weilheim"]

1. d4 Nf6 2. Bf4 c5 3. e3 Qb6 4. Nc3 e6 5. a3 cxd4 6. exd4 d5 7. Bd3 Bd6 8.
Bxd6 Qxd6 9. Nf3 Nc6 10. O-O O-O 11. Re1 Bd7 12. Qd2 h6 13. Rad1 a6 14. Bf1 b5
15. b4 Rac8 16. Ne5 Qc7 17. Nxc6 Qxc6 18. Re3 Rc7 19. Bd3 Rfc8 20. Ne2 Qd6 21.
c3 Bc6 22. Rg3 Ne4 23. Bxe4 dxe4 24. Nf4 f5 25. h4 Bd5 26. Ng6 Kh7 27. h5 e3
28. Qxe3 Rxc3 29. Qxc3 Rxc3 30. Rxc3 Bc6 31. Re3 f4 32. Rxe6 Qd5 33. Nxf4 Qb3
34. Rde1 Bd5 35. R6e3 Qa2 36. R3e2 Qb3 37. Nxd5 Qxd5 38. Rd2 Qxh5 39. d5 Qg5
40. Ree2 h5 41. d6 h4 42. Re3 1-0

[Event "Bayerische EM 2014 Allg. Gruppe"]
[Site "Westerndorf St. Peter/Rosenheim"]
[Date "2014.08.26"]
[Round "5.15"]
[White "Wilfert, André"]
[Black "Basener, Winfried"]
[Result "1-0"]
[WhiteElo "2065"]
[BlackElo "2146"]
[PlyCount "53"]
[EventDate "2014.??.??"]
[WhiteTeam "1.FC Marktleuthen"]
[BlackTeam "SC Neuhausen 1908"]

1. d4 Nf6 2. Nf3 e6 3. e3 b6 4. Bd3 Bb7 5. Nbd2 c5 6. c3 d6 7. O-O Nc6 8. e4
Be7 9. Qe2 cxd4 10. cxd4 e5 11. Bb5 Nd7 12. Nc4 Nxd4 13. Nxd4 exd4 14. Qg4 g6
15. e5 h5 16. Qxd4 O-O 17. Bh6 Nxe5 18. f4 a6 19. fxe5 d5 20. Nd6 axb5 21. Nxb7
Qc8 22. Nd6 Bxd6 23. exd6 Qc5 24. Qxc5 bxc5 25. Bxf8 Kxf8 26. Rac1 c4 27. Rfd1
1-0

[Event "Bayerische EM 2014 Allg. Gruppe"]
[Site "Westerndorf St. Peter/Rosenheim"]
[Date "2014.08.26"]
[Round "6.1"]
[White "Stips, Felix"]
[Black "Hilverda, Alexander"]
[Result "0-1"]
[WhiteElo "2315"]
[BlackElo "2301"]
[PlyCount "96"]
[EventDate "2014.??.??"]
[WhiteTeam "TSV Bindlach Aktionär-Schachabte"]
[BlackTeam "SC Erlangen 48/88"]

1. Nf3 d5 2. d4 Nf6 3. c4 c6 4. e3 Bg4 5. Qb3 Qb6 6. Nc3 e6 7. Nh4 Bh5 8. h3
Nbd7 9. Bd2 Be7 10. g4 Bg6 11. Nxg6 hxg6 12. Bg2 g5 13. Qa4 Qb4 14. Qc2 Qb6 15.
cxd5 exd5 16. O-O-O Kf8 17. Be1 g6 18. f4 gxf4 19. exf4 Ne8 20. h4 Ng7 21. h5
gxh5 22. gxh5 Bf6 23. Bh3 Rd8 24. Bf2 Ne8 25. Bf5 Qc7 26. Ne2 Nd6 27. Kb1 Nb6
28. Bd3 Qd7 29. Ng3 Nbc4 30. h6 Re8 31. Nh5 Bd8 32. Rdg1 Ne4 33. Bh4 Bxh4 34.
Rxh4 Rxh6 35. Qh2 Ncd2+ 36. Kc1 Nf3 37. Qg2 Rg6 38. Nf6 Rxg2 39. Nxd7+ Ke7 40.
Rxg2 Nxh4 41. Rg4 Nf2 42. Rxh4 Nxd3+ 43. Kd2 Nxb2 44. Ne5 f6 45. Rh7+ Ke6 46.
Nf7 Nc4+ 47. Kd3 Kf5 48. Rh4 Kg6 0-1

[Event "Bayerische EM 2014 Allg. Gruppe"]
[Site "Westerndorf St. Peter/Rosenheim"]
[Date "2014.08.26"]
[Round "6.2"]
[White "Knechtel, Roland"]
[Black "Berchtenbreiter, Maximilian"]
[Result "1/2-1/2"]
[WhiteElo "2227"]
[BlackElo "2412"]
[PlyCount "66"]
[EventDate "2014.??.??"]
[WhiteTeam "SV Röhrnbach e.V."]
[BlackTeam "SG Pang-Rosenheim 1910 e.V."]

1. d4 Nf6 2. Nf3 e6 3. c3 c5 4. Bf4 d5 5. e3 Nc6 6. Nbd2 Bd6 7. Bg3 O-O 8. Bd3
Qe7 9. Ne5 Bd7 10. O-O Be8 11. f4 Nd7 12. Qb1 g6 13. Qd1 f6 14. Bh4 g5 15. Nxc6
bxc6 16. fxg5 fxg5 17. Qg4 h6 18. Rxf8+ Nxf8 19. Bg3 e5 20. e4 cxd4 21. cxd4
Bb4 22. Nb3 exd4 23. a3 Bd6 24. Bxd6 Qxd6 25. exd5 c5 26. Rc1 Ng6 27. Rxc5 Nf4
28. Bc4 Bd7 29. Qd1 Rb8 30. Qxd4 Rxb3 31. Rc6 Rd3 32. Qxd3 Qe5 33. Qd2 Qe4
1/2-1/2

[Event "Bayerische EM 2014 Allg. Gruppe"]
[Site "Westerndorf St. Peter/Rosenheim"]
[Date "2014.08.26"]
[Round "6.3"]
[White "Schmid, Roland"]
[Black "Prediger, Rupert"]
[Result "0-1"]
[WhiteElo "2252"]
[BlackElo "2253"]
[PlyCount "74"]
[EventDate "2014.??.??"]
[WhiteTeam "TSV Wacker Neutraubling"]
[BlackTeam "SG Pang-Rosenheim 1910 e.V."]

1. d4 c5 2. d5 d6 3. e4 g6 4. Nc3 Bg7 5. Nf3 Nf6 6. Bb5+ Nbd7 7. a4 O-O 8. O-O
a6 9. Be2 b6 10. Nd2 Ne8 11. Nc4 Rb8 12. f4 Bb7 13. Bf3 Nc7 14. Re1 b5 15. axb5
axb5 16. Na5 b4 17. Nb1 Nb5 18. Nd2 Nb6 19. Be2 Nd4 20. Bf1 Qd7 21. Ndc4 Nxc4
22. Bxc4 Ba8 23. Qd3 e6 24. dxe6 fxe6 25. c3 bxc3 26. bxc3 d5 27. exd5 exd5 28.
Ba2 Qb5 29. Qd1 c4 30. Ba3 Rfe8 31. Bb4 Rxe1+ 32. Qxe1 Re8 33. Qf2 Ne2+ 34. Kh1
Nxc3 35. Re1 Rxe1+ 36. Qxe1 Qxb4 37. Qe6+ Kh8 0-1

[Event "Bayerische EM 2014 Allg. Gruppe"]
[Site "Westerndorf St. Peter/Rosenheim"]
[Date "2014.08.26"]
[Round "6.4"]
[White "Lederle, Vitus"]
[Black "Pohl-Kuemmel, Jens-Uwe"]
[Result "1/2-1/2"]
[WhiteElo "2200"]
[BlackElo "2270"]
[PlyCount "115"]
[EventDate "2014.??.??"]
[WhiteTeam "SC Dillingen"]
[BlackTeam "TSV Wacker Neutraubling"]

1. e4 d6 2. d4 g6 3. Nc3 Bg7 4. Be3 c6 5. Qd2 b5 6. a4 b4 7. Nce2 a5 8. Ng3 Nd7
9. Nf3 Qc7 10. Bd3 Bb7 11. O-O c5 12. Bb5 Bc6 13. Bxc6 Qxc6 14. c3 Ngf6 15. d5
Qb7 16. Bh6 O-O 17. Bxg7 Kxg7 18. Qg5 Kh8 19. c4 Qc7 20. b3 Rae8 21. Rfe1 e5
22. dxe6 Rxe6 23. Re3 Ng8 24. Rd3 f6 25. Qf4 Rd8 26. Rad1 Ne5 27. Nxe5 fxe5 28.
Qg4 Rf6 29. Ne2 Rdf8 30. f3 Ne7 31. Ng3 Nc6 32. Nf1 Nd4 33. Ne3 Qg7 34. Nd5
R6f7 35. R1d2 h6 36. Rf2 Kh7 37. h3 h5 38. Qg5 Qh6 39. Qxh6+ Kxh6 40. h4 g5 41.
hxg5+ Kxg5 42. Kh2 h4 43. Kh3 Kh5 44. Kh2 Rg8 45. Ne3 Rg3 46. Nf1 Rfg7 47. Rfd2
R3g5 48. Ne3 Rf7 49. Nf5 Rg6 50. Ne3 Kg5 51. Ng4 Rh7 52. Nf2 Kf6 53. Ng4+ Ke6
54. Nf2 Rhg7 55. Nh3 Rg3 56. Ng1 R7g6 57. Nh3 Rg7 58. Ng1 1/2-1/2

[Event "Bayerische EM 2014 Allg. Gruppe"]
[Site "Westerndorf St. Peter/Rosenheim"]
[Date "2014.08.26"]
[Round "6.5"]
[White "Shashkin, Igor"]
[Black "Bintakies, Michael"]
[Result "1/2-1/2"]
[WhiteElo "2115"]
[BlackElo "2215"]
[PlyCount "131"]
[EventDate "2014.??.??"]
[WhiteTeam "PTSV SK Hof 1892"]
[BlackTeam "SK Kriegshaber"]

1. e4 d5 2. exd5 Qxd5 3. Nc3 Qd6 4. d4 Nf6 5. Nf3 c6 6. Ne5 Nbd7 7. Nc4 Qc7 8.
Qf3 Nb6 9. Bf4 Qd8 10. Be5 Bg4 11. Qf4 Be6 12. Bc7 Nbd5 13. Nxd5 Nxd5 14. Bxd8
Nxf4 15. Bc7 Nxg2+ 16. Kd2 Nh4 17. Bd3 g6 18. c3 Bh6+ 19. Ne3 Rc8 20. Bg3 Nf5
21. Ke2 Bxe3 22. Bxf5 Bxf5 23. Kxe3 O-O 24. b4 Rfd8 25. a4 a5 26. Rhc1 b6 27.
f3 Rd7 28. bxa5 bxa5 29. c4 Rb7 30. Be1 Rb3+ 31. Rc3 Rb2 32. h4 Ra8 33. Raa3
Rab8 34. Kf4 Be6 35. Rc1 R8b3 36. Rxb3 Rxb3 37. Bxa5 Ra3 38. Bb4 Rxa4 39. Bxe7
Bxc4 40. Bf6 Ra5 41. Be5 Bd5 42. Rb1 Kf8 43. Bf6 Ke8 44. Re1+ Be6 45. Be5 Ke7
46. Kg3 Rd5 47. Rc1 f6 48. Bf4 Kd7 49. Be3 Rb5 50. Rc3 Bd5 51. Ra3 Ke6 52. Kf4
Rb1 53. Bf2 Rf1 54. Re3+ Kf7 55. Kg3 Rd1 56. Ra3 Rf1 57. Re3 h6 58. Re1 Rxe1
59. Bxe1 Ke6 60. Kg4 f5+ 61. Kg3 g5 62. hxg5 hxg5 63. f4 g4 64. Bb4 Bf3 65. Bc5
Kd5 66. Ba7 1/2-1/2

[Event "Bayerische EM 2014 Allg. Gruppe"]
[Site "Westerndorf St. Peter/Rosenheim"]
[Date "2014.08.26"]
[Round "6.6"]
[White "Straub, Jürgen"]
[Black "Lavrinenkov, Vadim"]
[Result "1-0"]
[WhiteElo "2201"]
[BlackElo "2178"]
[PlyCount "199"]
[EventDate "2014.??.??"]
[WhiteTeam "SK Ingolstadt"]
[BlackTeam "SK Kriegshaber"]

1. e4 c5 2. Nf3 a6 3. g3 b5 4. a4 b4 5. Bg2 Bb7 6. d3 e6 7. O-O d6 8. Nbd2 Nf6
9. b3 Be7 10. Bb2 O-O 11. Ne1 Qc7 12. f4 Nbd7 13. g4 e5 14. f5 h6 15. h4 Nh7
16. Nef3 Rfe8 17. Qe1 d5 18. exd5 Bxd5 19. Qg3 f6 20. Nh2 Bxg2 21. Qxg2 Rad8
22. Ne4 Nb6 23. Bc1 Qa7 24. Kh1 Nd5 25. Bd2 Kf7 26. Nf3 Rh8 27. Qg3 Ke8 28. Kg2
Kd7 29. Rg1 Kc8 30. Kf1 Qd7 31. h5 Kb7 32. Kg2 Qc6 33. Rge1 Bd6 34. Kf1 Rhe8
35. Be3 Nf8 36. Nfd2 Nd7 37. Nc4 Bc7 38. Ned6+ Ka7 39. Nxe8 Rxe8 40. Qg2 Rd8
41. Bd2 Nb8 42. Ne3 Nxe3+ 43. Rxe3 Ba5 44. Qxc6 Nxc6 45. Re4 Nd4 46. Be3 Kb6
47. Rc1 Kc6 48. Kf2 Kd5 49. Re1 Rc8 50. Bxd4 cxd4 51. R1e2 Bd8 52. Ke1 Be7 53.
Kf2 Bd8 54. Kf3 Be7 55. g5 hxg5 56. h6 gxh6 57. Kg4 h5+ 58. Kxh5 Kd6 59. Kg6
Rh8 60. Rg2 Kd7 61. Ree2 g4 62. Ref2 Ke8 63. Kg7 Rf8 64. Rxg4 Rf7+ 65. Kg6 Kf8
66. Rgg2 Rg7+ 67. Kh5 Rh7+ 68. Kg4 Bd6 69. Kf3 Rh4 70. Rg4 e4+ 71. Rxe4 Rh3+
72. Ke2 Be5 73. Rg4 a5 74. Rfg2 Re3+ 75. Kf2 Rh3 76. Rg8+ Ke7 77. Ra8 Kd6 78.
Ra6+ Kd5 79. Rxa5+ Kd6 80. Rb5 Rh5 81. Rxb4 Rxf5+ 82. Ke2 Kc5 83. Rc4+ Kd5 84.
a5 Bf4 85. a6 Re5+ 86. Kf3 Bg5 87. Re2 Be3 88. a7 Rf5+ 89. Kg4 Rg5+ 90. Kh4 Rg8
91. Ra4 Ra8 92. c4+ Ke5 93. Kg4 f5+ 94. Kf3 f4 95. Ra5+ Kd6 96. Rg2 Kc7 97. Rg6
Kb7 98. Rb5+ Kc7 99. Rg7+ Kc6 100. Rb8 1-0

[Event "Bayerische EM 2014 Allg. Gruppe"]
[Site "Westerndorf St. Peter/Rosenheim"]
[Date "2014.08.26"]
[Round "6.7"]
[White "Heimrath, Reiner"]
[Black "Schelle, Artur"]
[Result "0-1"]
[WhiteElo "2192"]
[BlackElo "2247"]
[PlyCount "168"]
[EventDate "2014.??.??"]
[WhiteTeam "SC Noris-Tarrasch Nürnberg 1873"]
[BlackTeam "SC Tarrasch 45 München"]

1. e4 d5 2. Nc3 dxe4 3. Nxe4 Qd5 4. Nc3 Qa5 5. a3 c6 6. b4 Qd8 7. Bc4 Nf6 8.
Nf3 Bf5 9. Bb2 e6 10. h3 Be7 11. Ne2 Be4 12. Ng3 Bd5 13. Be2 a5 14. b5 cxb5 15.
Bxb5+ Bc6 16. Bxc6+ Nxc6 17. O-O b5 18. Qe2 Rb8 19. Rab1 Qd5 20. Ne5 O-O 21.
Ng4 Nxg4 22. Qxg4 g6 23. d3 f5 24. Qe2 e5 25. Rfe1 Bf6 26. Nf1 Nd4 27. Qd2 a4
28. Bxd4 Qxd4 29. Rb4 Qd7 30. Rbb1 Rfc8 31. Re2 Kg7 32. Qb4 Qd4 33. Qa5 Qb6 34.
Qe1 Qc5 35. Qa5 Bd8 36. Qe1 Bf6 37. Qa5 Bd8 38. Qe1 Kf6 39. Nh2 Qc3 40. Qc1 Kg7
41. Nf3 Bf6 42. Qe3 Rc5 43. g4 e4 44. g5 exf3 45. gxf6+ Qxf6 46. Qxf3 Rbc8 47.
Qf4 R8c7 48. Rbe1 R5c6 49. Re5 Qd6 50. Qh4 Rf7 51. c4 Qxd3 52. cxb5 Rc4 53. Qg3
Qxg3+ 54. fxg3 Rc3 55. R5e3 Rxe3 56. Rxe3 Rb7 57. Re5 Kf6 58. Rc5 Ke6 59. Kf2
Kd6 60. Rc6+ Kd5 61. Ra6 Rxb5 62. Rxa4 g5 63. h4 h6 64. Ra6 Rb2+ 65. Ke3 Rb3+
66. Kf2 g4 67. h5 Rf3+ 68. Kg2 Kd4 69. Rd6+ Ke5 70. Ra6 Rb3 71. Kf2 Rb2+ 72.
Ke3 Rg2 73. Ra5+ Kf6 74. Kf4 Rf2+ 75. Ke3 Rf3+ 76. Kd4 Rxg3 77. a4 Ra3 78. Ra8
Kg5 79. Ke5 Re3+ 80. Kd5 Kf4 81. a5 g3 82. a6 g2 83. Rg8 Rg3 84. Rg6 g1=Q 0-1

[Event "Bayerische EM 2014 Allg. Gruppe"]
[Site "Westerndorf St. Peter/Rosenheim"]
[Date "2014.08.26"]
[Round "6.8"]
[White "Zill, Christoph"]
[Black "Wagner, Florian"]
[Result "1-0"]
[WhiteElo "2182"]
[BlackElo "2215"]
[PlyCount "65"]
[EventDate "2014.??.??"]
[WhiteTeam "SK Freising"]
[BlackTeam "SC Noris-Tarrasch Nürnberg 1873"]

1. e4 c5 2. Nf3 Nc6 3. Nc3 Nf6 4. Bb5 Qc7 5. d3 Nd4 6. Bc4 Nxf3+ 7. Qxf3 e6 8.
O-O d6 9. Bg5 Be7 10. Rae1 Bd7 11. Qe2 Bc6 12. f4 h6 13. Bxf6 Bxf6 14. e5 dxe5
15. fxe5 Be7 16. Qh5 g6 17. Qh3 a6 18. a4 Rh7 19. Ne4 Qxe5 20. Nf6+ Bxf6 21.
Rxe5 Bxe5 22. c3 Bd7 23. Qe3 Bd6 24. d4 cxd4 25. cxd4 Rc8 26. Bb3 h5 27. h4 Be7
28. Qf4 Rg7 29. Qh6 Rg8 30. d5 Bc5+ 31. Kh1 e5 32. Qg5 Bd4 33. d6 1-0

[Event "Bayerische EM 2014 Allg. Gruppe"]
[Site "Westerndorf St. Peter/Rosenheim"]
[Date "2014.08.26"]
[Round "6.9"]
[White "Schlichtmann, Robin"]
[Black "Blodig, Constantin"]
[Result "1/2-1/2"]
[WhiteElo "2079"]
[BlackElo "1939"]
[PlyCount "68"]
[EventDate "2014.??.??"]
[WhiteTeam "SK Bruckmühl e.V."]
[BlackTeam "SK Kelheim 1920"]

1. e4 e5 2. Nf3 Nc6 3. Bb5 Bc5 4. c3 Nf6 5. d4 exd4 6. e5 Nd5 7. O-O O-O 8.
cxd4 Bb6 9. Nc3 Nxc3 10. bxc3 d5 11. exd6 cxd6 12. Bg5 Qc7 13. h3 Bf5 14. Nh4
Bd7 15. Bd3 f5 16. Re1 h6 17. Bc4+ Kh7 18. Qh5 Ne5 19. dxe5 Qxc4 20. Qg6+ Kg8
21. Bxh6 Bxf2+ 22. Kh1 Qf7 23. e6 Qxg6 24. Nxg6 Bxe1 25. Nxf8 Bxc3 26. Rc1 Bc6
27. Rxc3 gxh6 28. Nd7 f4 29. Rc4 Rc8 30. Rxf4 Bxd7 31. exd7 Rd8 32. Rf6 Rxd7
33. Rxh6 b5 34. Kg1 Kg7 1/2-1/2

[Event "Bayerische EM 2014 Allg. Gruppe"]
[Site "Westerndorf St. Peter/Rosenheim"]
[Date "2014.08.26"]
[Round "6.10"]
[White "Taggatz, Mario"]
[Black "Stadler, Alexander"]
[Result "1-0"]
[WhiteElo "2231"]
[BlackElo "2109"]
[PlyCount "51"]
[EventDate "2014.??.??"]
[WhiteTeam "SC Gröbenzell"]
[BlackTeam "SV Röhrnbach e.V."]

1. d4 Nf6 2. Nf3 g6 3. c3 Bg7 4. Bg5 Ne4 5. Bh4 c5 6. Nbd2 d5 7. e3 Qb6 8. Qb3
Qxb3 9. axb3 cxd4 10. Nxe4 dxe4 11. Nxd4 Bxd4 12. exd4 f6 13. Bc4 g5 14. Bg3 e5
15. dxe5 f5 16. f4 gxf4 17. Bxf4 Nc6 18. Rd1 Nd8 19. Rd6 Nf7 20. Rf6 Rf8 21.
O-O Ke7 22. Rd1 a6 23. Rb6 Rg8 24. e6 Rg6 25. exf7 Rxb6 26. Bg5+ 1-0

[Event "Bayerische EM 2014 Allg. Gruppe"]
[Site "Westerndorf St. Peter/Rosenheim"]
[Date "2014.08.26"]
[Round "6.11"]
[White "Michalek, Michal"]
[Black "Kunz, Konstantin"]
[Result "1/2-1/2"]
[WhiteElo "2153"]
[BlackElo "2235"]
[PlyCount "128"]
[EventDate "2014.??.??"]
[WhiteTeam "SV Seubelsdorf"]
[BlackTeam "SC Kitzingen von 1905"]

1. d4 Nf6 2. c4 e6 3. g3 Bb4+ 4. Bd2 Qe7 5. Bg2 O-O 6. Nc3 d6 7. Nf3 Bxc3 8.
Bxc3 Ne4 9. Rc1 Nd7 10. O-O Nxc3 11. Rxc3 a5 12. e4 e5 13. Re1 b6 14. b3 Bb7
15. Qd2 Rad8 16. a3 c5 17. d5 Ra8 18. Qb2 Ra7 19. Ra1 Rfa8 20. Nd2 Bc8 21. Bh3
Qd8 22. Re3 Nf6 23. Bxc8 Qxc8 24. Kg2 Nd7 25. Nb1 f5 26. exf5 Nf6 27. Qc2 a4
28. b4 cxb4 29. axb4 Nxd5 30. Rea3 Nxb4 31. Qe4 Qc6 32. Qxc6 Nxc6 33. Nc3 Nd4
34. Rxa4 Rxa4 35. Rxa4 Rxa4 36. Nxa4 b5 37. cxb5 Nxb5 38. Kf3 Kf7 39. Ke4 Kf6
40. g4 Kg5 41. f3 h6 42. Nb6 Kh4 43. Nd7 Nc3+ 44. Kd3 Nd5 45. Nf8 Kg5 46. Ne6+
Kf6 47. Ke4 Ne7 48. Nc7 Kf7 49. Nb5 Nc8 50. Kd5 h5 51. h3 hxg4 52. hxg4 Ne7+
53. Kxd6 Nxf5+ 54. Kxe5 Ne7 55. Nd6+ Kg6 56. Ne4 Nc6+ 57. Kd5 Ne7+ 58. Ke6 Nc6
59. f4 Nd4+ 60. Kd5 Nf3 61. f5+ Kf7 62. Kd6 g6 63. f6 Nh2 64. g5 Nf3 1/2-1/2

[Event "Bayerische EM 2014 Allg. Gruppe"]
[Site "Westerndorf St. Peter/Rosenheim"]
[Date "2014.08.26"]
[Round "6.12"]
[White "Probst, Albert"]
[Black "Grawe, Christian"]
[Result "0-1"]
[WhiteElo "2102"]
[BlackElo "2214"]
[PlyCount "80"]
[EventDate "2014.??.??"]
[WhiteTeam "SK Bruckmühl e.V."]
[BlackTeam "Schachklub Germering e. V."]

1. f4 c5 2. b3 g6 3. Bb2 Nf6 4. Nf3 Bg7 5. e3 d6 6. Bb5+ Nc6 7. O-O O-O 8. Bxc6
bxc6 9. d3 h6 10. Qe2 a5 11. a4 Be6 12. Nbd2 Qb6 13. Rab1 Rab8 14. Bc3 Nd5 15.
Bxg7 Kxg7 16. Nc4 Nc3 17. Qe1 Qb4 18. Rc1 f6 19. e4 Bf7 20. Ne3 c4 21. Nxc4 d5
22. Ncd2 Qa3 23. Nb1 Qxc1 24. Qxc3 Qxf4 25. e5 Be6 26. Qxc6 Qe3+ 27. Kh1 Rb6
28. Qc7 fxe5 29. Qxe7+ Rf7 30. Qh4 Rb4 31. Qe1 Qxe1 32. Rxe1 e4 33. dxe4 Rxe4
34. Nbd2 Rxe1+ 35. Nxe1 Rf2 36. Nef3 Bg4 37. Kg1 Re2 38. c4 Bxf3 39. Nxf3 dxc4
40. bxc4 Ra2 0-1

[Event "Bayerische EM 2014 Allg. Gruppe"]
[Site "Westerndorf St. Peter/Rosenheim"]
[Date "2014.08.26"]
[Round "6.13"]
[White "Höller, Armin"]
[Black "Wilfert, André"]
[Result "0-1"]
[WhiteElo "2035"]
[BlackElo "2065"]
[PlyCount "127"]
[EventDate "2014.??.??"]
[WhiteTeam "SK Weilheim"]
[BlackTeam "1.FC Marktleuthen"]

1. e4 c5 2. Nc3 e6 3. f4 d5 4. Bb5+ Nc6 5. Nf3 d4 6. Nb1 Nf6 7. Bxc6+ bxc6 8.
d3 Be7 9. Nbd2 Qc7 10. Nc4 Ba6 11. Qe2 Bxc4 12. dxc4 O-O 13. O-O Nd7 14. Bd2
Nb6 15. a4 Rab8 16. b3 f6 17. Ne1 e5 18. f5 Bd6 19. Qg4 Rf7 20. Rf3 Kf8 21. Qh5
h6 22. Rg3 Ke7 23. Nf3 Nd7 24. Nh4 Nf8 25. Rf1 Kd8 26. Ng6 Kc8 27. Rff3 Kb7 28.
h4 Ka8 29. Rh3 Nxg6 30. fxg6 Rff8 31. Qf5 Qc8 32. g4 Qxf5 33. Rxf5 Be7 34. g5
fxg5 35. Rxe5 g4 36. Rd3 Bxh4 37. Rxc5 Rf6 38. Ba5 Rbf8 39. Rd1 d3 40. Rf5 dxc2
41. Rc1 Rxf5 42. exf5 Rxf5 43. Bc3 Bf6 44. Rxc2 Bxc3 45. Rxc3 Rf6 46. c5 a5 47.
Kg2 Rxg6 48. Kg3 Rg5 49. Re3 h5 50. Re8+ Kb7 51. Re7+ Kc8 52. Kh4 Rxc5 53. Rxg7
Rd5 54. Ra7 Rf5 55. Rg7 Kd8 56. Ra7 Rd5 57. Rh7 Rd3 58. Rxh5 Rh3+ 59. Kxg4 Rxh5
60. Kxh5 Kd7 61. Kg5 Kd6 62. Kf4 Kc5 63. Ke5 Kb4 64. Kd6 0-1